Most Spoken Indigenous Language in Each Mexican State - Statistics

General Stats
  • This quiz has been taken 40 times
  • The average score is 19 of 32
Answer Stats
State
Speakers
(as of 2020)
Answer % Correct
Aguascalientes 828 Náhuatl
94%
Baja California Sur 3,650 Náhuatl
94%
Coahuila de Zaragoza 1,657 Náhuatl
94%
Colima 2,364 Náhuatl
94%
Guerrero 180,628 Náhuatl
94%
Hidalgo 234,450 Náhuatl
94%
Ciudad de México 39,475 Náhuatl
94%
Morelos 24,617 Náhuatl
94%
Nuevo León 44,977 Náhuatl
94%
Puebla 453,162 Náhuatl
94%
San Luis Potosí 121,079 Náhuatl
94%
Tamaulipas 11,067 Náhuatl
94%
Tlaxcala 23,171 Náhuatl
94%
Veracruz 365,915 Náhuatl
94%
Campeche 70,603 Yucatec Maya
88%
Quintana Roo 174,817 Yucatec Maya
88%
Yucatán 519,167 Yucatec Maya
88%
Baja California 21,239 Mixtec
56%
Oaxaca 420,324 Zapoteco
53%
Guanajuato 2,689 Otomí
41%
Querétaro 22,433 Otomí
41%
Michoacán de Ocampo 128,620 Pʼurhépecha
31%
Chiapas 562,120 Tzeltal
28%
Chihuahua 86,033 Rarámuri
19%
México 132,710 Jñatrjo
16%
Jalisco 24,256 Wixárika
13%
Zacatecas 1,892 Wixárika
13%
Sinaloa 10,988 Mayo
9%
Sonora 26,588 Mayo
9%
Nayarit 31,798 Cora
3%
Durango 39,762 Southern Tepehuán
3%
Tabasco 60,255 Yokotʼan
3%
No matching quizzes found
Score Distribution
Percent of People with Each Score
Percentile by Number Answered
Your Score History
You have not taken this quiz